Jakson & Powell on professional Negligence. (Record no. 424)

MARC details
000 -LEADER
fixed length control field 00535nam a22001577a 4500
008 - FIXED-LENGTH DATA ELEMENTS--GENERAL INFORMATION
fixed length control field 110420t xxu||||| |||| 00| 0 eng d
020 ## - INTERNATIONAL STANDARD BOOK NUMBER
International Standard Book Number 0421459301
082 ## - DEWEY DECIMAL CLASSIFICATION NUMBER
Classification number 346.032 JAC
100 ## - MAIN ENTRY--PERSONAL NAME
Personal name Jakson & Powell on professional Negligence.
9 (RLIN) 1237
245 ## - TITLE STATEMENT
Title Jakson & Powell on professional Negligence.
250 ## - EDITION STATEMENT
Edition statement 3rd ed.
260 ## - PUBLICATION, DISTRIBUTION, ETC. (IMPRINT)
Place of publication, distribution, etc London:
Name of publisher, distributor, etc Sweet & Maxwell,
Date of publication, distribution, etc 1992.
300 ## - PHYSICAL DESCRIPTION
Extent Ixxix, 716p.;
Dimensions 24 cm.
942 ## - ADDED ENTRY ELEMENTS (KOHA)
Source of classification or shelving scheme Dewey Decimal Classification
Item type Books
Holdings
Withdrawn status Lost status Source of classification or shelving scheme Damaged status Not for loan Home library Current library Shelving location Date acquired Total Checkouts Full call number Barcode Date last seen Price effective from Koha item type
    Dewey Decimal Classification     Law Development Centre Main Library Law Development Centre Main Library Text Books and Laws 04/20/2011   346.032 JAC 42010 04/20/2011 04/20/2011 Books